| 000 | 00775nac a22002051u 4500 | ||
|---|---|---|---|
| 020 | _a0131273124 (pbk.) | ||
| 082 |
_a658.8 _bA7351 |
||
| 090 |
_c1182 _d1182 |
||
| 100 | _aArmstrong, Gary | ||
| 245 |
_aMarketing : _ban introduction / _cGary Armstrong, Philip Kotler. |
||
| 250 | _a7th ed. | ||
| 260 |
_aUpper Saddle River, N.J. : _bPearson/Prentice Hall, _c2005. |
||
| 300 |
_a707 p. (various pagings) : _bill. (chiefly col.) ; _c26 cm. |
||
| 500 | _a"International edition". | ||
| 504 | _aIncludes bibliographical references and index. | ||
| 650 | _aMarketing. | ||
| 700 | _aKotler, Philip. | ||
| 942 |
_cBB _k658.8A7351 |
||
| 999 |
_c1182 _d1182 |
||